Identity, survival, and change: (Record no. 30245)
[ view plain ]
| 000 -LEADER | |
|---|---|
| fixed length control field | 00706nam a2200217 4500 |
| 001 - CONTROL NUMBER | |
| control field | 4088945 |
| 003 - CONTROL NUMBER IDENTIFIER | |
| control field | ARRUPE |
| 005 - DATE AND TIME OF LATEST TRANSACTION | |
| control field | 20170927122913.0 |
| 008 - FIXED-LENGTH DATA ELEMENTS--GENERAL INFORMATION | |
| fixed length control field | 740802s1974 njua b 001 0 eng |
| 010 ## - LIBRARY OF CONGRESS CONTROL NUMBER | |
| LC control number | 73089093 |
| 040 ## - CATALOGING SOURCE | |
| Original cataloging agency | DLC |
| Transcribing agency | DLC |
| Modifying agency | DLC |
| 050 00 - LIBRARY OF CONGRESS CALL NUMBER | |
| Classification number | GN315 |
| Item number | .A24 |
| 082 00 - DEWEY DECIMAL CLASSIFICATION NUMBER | |
| Classification number | 301.2 |
| 300 ## - PHYSICAL DESCRIPTION | |
| Other physical details | illus. |
| Dimensions | 23 cm. |
| 100 1# - MAIN ENTRY--PERSONAL NAME | |
| Personal name | Aceves, Joseph B. |
| 9 (RLIN) | 36437 |
| 245 10 - TITLE STATEMENT | |
| Title | Identity, survival, and change: |
| Remainder of title | exploring social/cultural anthropology |
| Statement of responsibility, etc | [by] Joseph B. Aceves. |
| 260 ## - PUBLICATION, DISTRIBUTION, ETC. (IMPRINT) | |
| Place of publication, distribution, etc | Morristown, N.J., |
| Name of publisher, distributor, etc | General Learning Press |
| Date of publication, distribution, etc | [1974] |
| 300 ## - PHYSICAL DESCRIPTION | |
| Extent | xiii, 284 p. |
| 504 ## - BIBLIOGRAPHY, ETC. NOTE | |
| Bibliography, etc | Includes bibliographies. |
| 650 #0 - SUBJECT ADDED ENTRY--TOPICAL TERM | |
| Topical term or geographic name as entry element | Ethnology. |
| 9 (RLIN) | 128 |
| 906 ## - LOCAL DATA ELEMENT F, LDF (RLIN) | |
| a | 7 |
| b | cbc |
| c | orignew |
| d | 2 |
| e | opcn |
| f | 19 |
| g | y-gencatlg |
| 942 ## - ADDED ENTRY ELEMENTS (KOHA) | |
| Source of classification or shelving scheme | Library of Congress Classification |
| Koha item type | Monograph ( Printed materials) |
| Withdrawn status | Lost status | Source of classification or shelving scheme | Damaged status | Not for loan | Collection code | Home library | Current library | Shelving location | Date acquired | Total Checkouts | Full call number | Barcode | Date last seen | Date checked out | Copy number | Price effective from | Koha item type |
|---|---|---|---|---|---|---|---|---|---|---|---|---|---|---|---|---|---|
| Library of Congress Classification | Main Collection | ARRUPE LIBRARY | ARRUPE LIBRARY | 04/03/2013 | 1 | GN315.A241974 | 46003043839 | 18/10/2023 | 04/10/2023 | 1 | 04/03/2013 | Monograph ( Printed materials) |